Convivir con el sindrome de las piernas inquietas (Registro nro. 36036)

Detalles MARC
000 -CABECERA
Longitud fija campo de control 00544nam a2200169 4500
003 - • IDENTIFICADOR DELl NÚMERO DE CONTROL
Identificador del número de control CO-ViMGA
020 ## - • NÚMERO INTERNACIONAL NORMALIZADO PARA LIBROS
Número Internacional Normalizado para Libros (ISBN) 9789500600828
040 ## - FUENTE DE LA CATALOGACIÓN
Centro catalogador de origen CO-ViMGA
Lengua de catalogación spa
Centro transcriptor CO-ViMGA
082 04 - • NÚMERO DE LA CLASIFICACIÓN DECIMAL DEWEY
Número de clasificación (R) 616
Número del ítem M41c
100 1# - • PUNTO DE ACCESO PRINCIPAL-NOMBRE DE PERSONA
Nombre de persona Micheli, Federico
245 10 - • TITULO PROPIAMENTE DICHO
Título Convivir con el sindrome de las piernas inquietas
Mención de responsabilidad, etc. Federico, Micheli
300 ## - • DESCRIPCIÓN FÍSICA
Extensión 90 p. :
Otras características físicas Il, ; dibujos, ; 19 cm.
500 ## - • NOTA GENERAL
Nota general Incluye direcciones útiles en internet.
650 14 - • PUNTO DE ACCESO ADICIONAL DE MATERIA - TÉRMINO DE MATERIA
Término de materia o nombre geográfico como elemento inicial Ciencias Medicas, enfermedades.
942 ## - ENTRADA DE ELEMENTOS AGREGADOS (KOHA)
Fuente de clasificaión o esquema Dewey Decimal Classification
Koha [por defecto] tipo de item LIbro
Existencias
Perdido Fuente de clasificación o esquema Estado Físico No para préstamo Forma de adquisición Localización permanente Localización actual Fecha adquisición Coste, precio normal de compra Préstamos totales Signatura completa Código de barras Fecha última consulta Número de copia Fecha del precio de reemplazo Tipo de item de Koha
  Dewey Decimal Classification     Sala Especializada Tercer Piso Biblioteca Pública Germán Arciniegas - Villavicencio Biblioteca Pública Germán Arciniegas - Villavicencio 09/06/2016 48333.00   616 M41c 30480 10/10/2017 Ej. 1 09/06/2016 LIbro









Instituto Departamental de Cultura del Meta - Red Departamental de Bibliotecas Públicas del Meta.